000 00774cam a2200289 4500500
005 20260405003819.0
041 _afre
042 _adc
100 1 0 _aKlein, Étienne
_eauthor
245 0 0 _aLes promesses d’Euclid
260 _c2024.
500 _a83
690 _aAccélération
690 _aAlbert Einstein
690 _aBachelard
690 _aDynamique
690 _aEspace
690 _aÉtienne Klein
690 _aImagination
690 _aMystère
690 _aPoésie
690 _aRêve
690 _aTélescope
690 _aUnivers
786 0 _nPhilosophie magazine | 176 | 1-2 | 2024-02-01 | p. 23-23 | 1951-1787
856 4 1 _uhttps://shs.cairn.info/magazine-philosophie-magazine-2024-2-page-23?lang=fr&redirect-ssocas=7080
999 _c2071072
_d2071072